00933nam a2200217 a 4500001001000000003000500010005001700015008004100032010001100073011001100084040000900095100003300104245016300137260004100300500006000341502013000401650004600531650002400577650004400601856007000645000116098CHAP20220329144601.0190909s2019 mx | |sm |||||||spa d a112559 a113531 cCHAP1 aHernández Toscano, Jesdel.10aBalance neto de las emisiones del dióxido de carbono en la agroindustria de la caña de azúcar en Méxicoh[En línea]cpor Jesdel Hernández Toscano. aChapingo, Méx. :bEl autor,c2019. aPara ver el contenido del material haga clic en la liga aTesis (M.C. en Economía Agrícola y de Los Recursos naturales) -- UACH. División de Ciencias Económico-Administrativas14aCaña de azúcarxSecuestro de carbono.14aEfecto invernadero.14aIndustria azucareraxImpacto ambiental. aFinding aiduhttp://10.13.5.2/tesis/sist116098.pdfzTeclea aquí